000 00478nam a2200181Ia 4500
001 18878
005 20260306171703.0
008 260306s9999||||xx |||||||||||||| ||und||
041 _aESP
082 _a658.53
_bP46
100 _aPérez Rave, Jorge Iván
_eAUT
245 0 _aModelación lineal en ingeniería industrial:
_buna mirada sistémica
260 _c2011
300 _axviii, 110 páginas :
_c24 cm.
650 _aGEN
654 _aCAN
942 _cLIB
_dJUS
_fJUS
_2ddc
_n
999 _c18878
_d18878